Racionalisace zemědělské výroby v ČSR (základy vědeckého řízení v zemědělské výrobě)

Bibliographic Details
Main Author: Dokládal, Jan, 1890-1977 (Author)
Format: Book
Language:Czech
PhysicalDescription:xiii, 521 strán, 12 rozkladacích listov diagramy, tabuľky 25 cm
Published: Praha Ministerstvo zemědělství československé republiky 1930
Series:Publikace Ministerstva zemědělství
Subjects:

MARC

LEADER 00000cam a2200000 4500
001 vtls011743988
003 SK-MaSNL
005 20260311133654.0
008 250916s1930 xr dl fr o010 0 cze
015 |a SNBA2018/02 
020 |q (brožované) 
040 |a SNK  |b slo  |c SNK  |e rda 
041 0 |a cze 
043 |a e-cs--- 
044 |a xr  |c CZ 
072 7 |a 631  |x Poľnohospodárstvo. Pedológia. Agrotechnika. Agroekológia  |2 konspekt 
072 7 |a 005  |x Manažment. Riadenie  |2 konspekt 
080 |a 631.15  |2 2011 
080 |a (437)  |2 2011 
080 |a (048.8)  |2 2011 
080 |a 005.591  |2 2001 
100 1 |a Dokládal, Jan,  |d 1890-1977  |4 aut  |9 255712 
245 1 0 |a Racionalisace zemědělské výroby v ČSR  |b (základy vědeckého řízení v zemědělské výrobě)  |c Jan Dokládal 
264 1 |a Praha  |b Ministerstvo zemědělství československé republiky  |c 1930 
300 |a xiii, 521 strán, 12 rozkladacích listov  |b diagramy, tabuľky  |c 25 cm 
336 |a text  |b txt  |2 rdacontent 
337 |a bez média  |b n  |2 rdamedia 
338 |a zväzok  |b nc  |2 rdacarrier 
490 1 |a Publikace Ministerstva zemědělství  |v roč. 1930, č. 50 
500 |a Poznámky pod čiarou 
650 0 7 |a poľnohospodárska výroba  |2 SNKPH  |9 973 
650 0 7 |a Farming  |2 SNKPHeng  |9 302566 
650 0 7 |a racionalizácia  |2 SNKPH  |9 938 
650 0 7 |a Rationalization  |2 SNKPHeng  |9 402834 
651 7 |a Československo  |2 SNKPHgeo  |9 21376 
651 7 |a Czechoslovakia  |2 SNKPHeng  |9 265183 
655 7 |a monografie  |2 SNKPH  |9 70139 
655 7 |a Monographs  |2 SNKPHeng  |9 120675 
655 7 |a štúdie  |2 SNKPH  |9 57033 
655 7 |a Studies  |2 SNKPHeng  |9 265573 
830 0 |a Publikace Ministerstva zemědělství  |9 335819 
852 |a Slovenská národná knižnica 
954 |a odborná, vedecká literatúra cudzojazyčná (svetová)  |2 lita 
958 |a EUIPO 
958 |a RK 
958 |a TL 
958 |a CZ 
958 |a OND 
958 |a SP 
999 |c 855137  |d 857067 
952 |a SNK  |b SNK  |y PREZ  |7 0  |p 17A0726953  |o snkSC 1794  |i snk1610/35  |0 0  |1 0  |4 0  |d 2018-02-28  |l 0  |r 2025-06-11 00:00:00  |w 2026-02-24